000 00569nam a2200193Ia 4500
005 20250923145249.0
008 008 250917s9999 xx 000 0 eng d
037 _aTextual
040 _aDSWL
_beng
_cDSWL
041 _aeng
_2eng
084 _aYX;zM3;6-c.2, N69
_qDSWL
245 0 _aFamine Relief in Bihar A Study
_cby C.I.R.T.P.C. C
260 _aNew Delhi
_b Central Inst. of Research & Tr. in Public Opinion
_c1969
300 _a385p.
365 _aINR
_b15
925 _g15
942 _cTEXL
_hYX;zM3;6-c.2, N69
999 _c1449187
_d1449187